Statistics for Dog Breeds by Picture - Terrier Group

Click here to take the quiz!

General Stats

  • This quiz has been taken 183 times
  • The average score is 10 of 16

Answer Stats

Answer% Correct
West Highland White Terrier
91%
Bull Terrier
79%
Jack Russell Terrier
79%
Airedale Terrier
74%
Fox Terrier
73%
Scottish Terrier
73%
Staffordshire Bull Terrier
69%
Cairn Terrier
64%
Bedlington Terrier
61%
Border Terrier
61%
Norfolk Terrier
43%
Dandie Dinmont Terrier
41%
Manchester Terrier
41%
Welsh Terrier
40%
Skye Terrier
39%
Sealyham Terrier
37%

Score Distribution

Percentile by Number Answered

Percent of People with Each Score

Your Score History

You have not taken this quiz